00767nam a2200241 a 4500001001300000003000900013005001700022008004100039020001000080082002100090100002000111245006900131260004800200300000900248500003500257505002400292650002300316700002000339902000800359942000700367952013400374999001700508nice12345678IN_TiNIC20260116014223.0050524s1998 dela grp 000 0 eng  ac16000a305.480297bHAS1 aHashia, Haseena aMuslim Women in India Since Independenceb Feminine Perspectives aDelhibInstitute of Objective Studiesc1998 a201p aincludes index and biblioraphy2 aGeneral Conclusions aMuslim Women-India1 aHashia, Haseena bSRS cBK 001040708StackRoom-aHMIbHMId2010-02-03g160.00l1o305.480297 HAS1p021246r2022-08-29s2022-08-17v160.00w2005-05-24yBK c14386d14386